| 000 | 00539 a2200181 4500 | ||
|---|---|---|---|
| 003 | OSt | ||
| 005 | 20231207114706.0 | ||
| 008 | 231207b |||||||| |||| 00| 0 eng d | ||
| 020 | _a9789390865826 | ||
| 040 | _coclc | ||
| 082 |
_a894.8123 _bKUM/I |
||
| 100 |
_aKumar, K. Hari _910082 |
||
| 245 |
_aIndiayile Prethalayangal= India's Most Haunted / _cK. Hari Kumar |
||
| 250 | _a1st ed. | ||
| 260 |
_aKozhikode: _bMathrubhumi Books, _c2022. |
||
| 300 | _a304p. | ||
| 942 |
_2ddc _cBK _h894.8123 _iKUM/I _k894.8123 _mKUM/I |
||
| 999 |
_c44030 _d44030 |
||